| 000 | 00660nam a22001577a 4500 | ||
|---|---|---|---|
| 003 | OSt | ||
| 005 | 20151006145331.0 | ||
| 008 | 151006b xxu||||| |||| 00| 0 eng d | ||
| 040 | _cRUA | ||
| 082 | _aAVM LOU 2006 B076 Or.1 | ||
| 100 |
_92179 _aLOUN, SOKHOM. |
||
| 245 | _aEffect of dried cassava leave replacing dried fish on growth of peking duck, ឥទ្ធពលនៃការប្រើប្រាស់ស្លឹកដំឡូងមីក្រៀមជំនួសម្សៅត្រី ទៅលើការលូតលាស់ទាប៉េកាំង | ||
| 260 |
_aPhnom Penh _bRUA _c2006 |
||
| 300 |
_a42p. _bill. _c29cm. |
||
| 942 |
_2ddc _cAVM |
||
| 999 |
_c2050 _d2050 |
||